书目信息 |
| 题名: |
水粉画习作
|
|
| 作者: | ;上海人民美术出版社 编辑 | |
| 分册: | 二 | |
| 出版信息: | 上海 上海人民美术出版社 1978 |
|
| 页数: | 16幅 | |
| 开本: | 26cm | |
| 丛书名: | ||
| 单 册: | ||
| 中图分类: | J225 , J215 | |
| 科图分类: | ||
| 主题词: | 水粉画--中国--现代--画册 , 绘画--技法(美术) | |
| 电子资源: | ||
| ISBN: | ||
| 000 | 00697nam0 2200253 45 | |
| 001 | 0178005169 | |
| 005 | 20040519152147.4 | |
| 010 | @dCNY1.22 | |
| 091 | @a8081.11259 | |
| 100 | @a19950721d1978 em y0chiy0121 ea | |
| 101 | 0 | @achi |
| 102 | @aCN@b310000 | |
| 105 | @aa z 000yy | |
| 106 | @ar | |
| 200 | 10 | @a水粉画习作@Ashui fen hua xi zuo@h二@f上海人民美术出版社编辑 |
| 210 | @a上海@c上海人民美术出版社@d1978 | |
| 215 | @a16幅@d26cm | |
| 606 | @a水粉画@y中国@z现代@x画册 | |
| 606 | 0 | @a绘画@x技法(美术) |
| 690 | @aJ225@v3 | |
| 690 | @aJ215 | |
| 711 | 02 | @a上海人民美术出版社@Ashang hai ren min mei shu chu ban she@4编辑 |
| 801 | 0 | @aCN@bNLC@c20040519 |
| 905 | @f1@b5836@dJ215@e6:2 | |
| 水粉画习作.二/上海人民美术出版社编辑.-上海:上海人民美术出版社,1978 |
| 16幅;26cm |
| ISBN :CNY1.22 |
| ● |
| 相关链接 |
|
|
|
|
正题名:水粉画习作
索取号:J215/6:2
 
预约/预借
| 序号 | 登录号 | 条形码 | 馆藏地/架位号 | 状态 | 备注 |
| 1 | 0005836 | 001698568 | 第一样本阅览室/ [索取号:J215/6:2] | 在馆 |